Espigolant rostolls olibans / por R. Roquer, Prev. Prior de Sant Jordi
Publicado:
San Jorge, núm. 85 (1r trimestre 1972), pàg 49 - 51 :
MARC
| LEADER | 00000nam a2200000Ia 4500 | ||
|---|---|---|---|
| 001 | |||
| 008 | 160829s9999 xx 000 0 cat d | ||
| 100 | 1 | |a Roquer, Ramón, |d 1901-1978 |9 56334 | |
| 245 | |a Espigolant rostolls olibans / por R. Roquer, Prev. Prior de Sant Jordi | ||
| 260 | |a San Jorge, núm. 85 (1r trimestre 1972), pàg 49 - 51 | ||
| 600 | 0 | 0 | |a Oliba, |c bisbe de Vic, |d aproximadament 971-1046 |x Crítica i interpretació |9 56111 |
| 650 | |a Poesia |9 45090 | ||
| 901 | |a Arxiu | ||
| 942 | |n 1 | ||
| 952 | |0 0 |1 0 |4 0 |7 1 |9 52362 |a Arxiu |b Arxiu |d 2016-12-01 |l 0 |r 2016-12-01 00:00:00 |w 2016-12-01 |y ARXIU | ||
| 999 | |c 56210 |d 56210 | ||